Ozdravný plán s neistým výhľadom

Upratovanie verejných financií môže byť na Slovensku ťažšie pre návrat zlých časov. Kam má ísť najviac peňazí.

Salvato in:
Dettagli Bibliografici
Autore principale: Legéň, Marek
Natura: Capitolo di libro
Lingua:slovacco
Soggetti:
Tags: Aggiungi Tag
Nessun Tag, puoi essere il primo ad aggiungerne!!

MARC

LEADER 00000naa a2200000 4500
001 0136054
005 20231113073347.6
041 0 |a slo 
044 |a SK 
245 1 0 |a Ozdravný plán s neistým výhľadom  |c Marek Legéň 
520 |a Upratovanie verejných financií môže byť na Slovensku ťažšie pre návrat zlých časov. Kam má ísť najviac peňazí. 
610 2 0 |a správa verejná 
610 2 0 |a financie verejné 
610 2 0 |a Slovensko 
100 1 |a Legéň, Marek